Minecraft : Un peu de tout #1 - Statistiques

Statistiques générales
  • Ce quiz a été pris 2 836 fois
  • Le résultat moyen est 18 sur 25
Statistiques - réponses
Description Réponse % Correct
Ce minerai se trouve en dessous de la couche 16 Diamant
96%
Nécessaire pour miner de l'obsidienne Pioche en diamant
94%
C'est le dernier "Mob" à tuer avant le générique de fin Ender Dragon
89%
Le personnage principal Steve
87%
On trouve ce bloc partout sous terre Pierre
86%
La couleur du lit Rouge
86%
Ce bloc se trouve à peu près partout mais ne sert strictement à aucun craft Terre
86%
Se fabrique à l'aide de cuir et de papier Livre
84%
Permet de stocker des objets si notre inventaire est plein Coffre
83%
Nous de pouvons pas faire de "Craft" sans cet objet (bloc) Etabli
81%
Un bloc jaunâtre soumis à la gravité Sable
80%
Une arme à distance Arc
78%
Un "Mob" suicidaire Creeper
78%
Une arme de corps-à-corps Epée
78%
Un mob que l'on peut fabriquer avec une citrouille Golem
74%
On le trouve parfois en creusant du gravier Silex
69%
Le seul "Mob" pacifique vivant dans l'eau Pieuvre
66%
Un biome aride Désert
63%
L'aliment qui permet de diriger un cochon Carotte
60%
Permet de se téléporter quand on la jette Perle du Néant
59%
La capitale de l'Espagne (aucun rapport mais bon...) Madrid et pas Barcelone...
57%
Les composants pour fabriquer une torche Bâton et Charbon
56%
Les chevaux adorent en manger Pomme
50%
Ce bloc transparent nous inflige des dégâts si on le colle (aucun dégat si on le casse) Cactus
36%
Un biome où tombe de la neige Toundra
15%
Aucun quiz correspondant
Distribution des résultats
% des personnes avec chaque résultat
Percentile par nombre de réponses
Votre historique - résultats
Vous n’avez pas pris ce quiz